[Event "RUS-ch Men Blitz 2019"]
[Site "Sochi"]
[Date "2019.10.17"]
[Round "11.28"]
[White "Zakaryan, David"]
[Black "Bespalov, Konstantin"]
[Result "1/2-1/2"]
[WhiteElo "2338"]
[BlackElo "2258"]
[Annotator "NA"]
[PlyCount "107"]
[EventDate "2019.10.17"]
[EventType "swiss"]
[EventCountry "RUS"]
[SourceTitle "playchess.com"]
[Source "ChessBase"]
[SourceQuality "1"]
[TimeControl "180+2"]

1. d4 {[%emt 0:00:00]} e5 {[%emt 0:00:00]} 2. dxe5 d6 3. Nc3 {[%emt 0:00:02]} Nc6 {[%emt 0:00:00]} 4. Nf3 {[%emt 0:00:00]} Bg4 {[%emt 0:00:01]} 5. Bg5 {[%emt 0:00:06]} Qd7 {[%emt 0:00:00]} 6. e3 {[%emt 0:00:06]} dxe5 {[%emt 0:00:02]} 7. Qxd7+ {[%emt 0:00:01]} Bxd7 {[%emt 0:00:01]} 8. Nb5 {[%emt 0:00:05]} Bb4+ {[%emt 0:00:14]} 9. c3 {[%emt 0:00:00]} Ba5 {[%emt 0:00:00]} 10. a4 {[%emt 0:00:09]} f6 {[%emt 0:00:03]} 11. Bh4 {[%emt 0:00:01]} a6 {[%emt 0:00:16]} 12. Na3 {[%emt 0:00:02]} O-O-O {[%emt 0:00:04]} 13. Nc4 {[%emt 0:00:02]} Bb6 {[%emt 0:00:02]} 14. Nxb6+ {[%emt 0:00:04]} cxb6 {[%emt 0:00:01]} 15. e4 {[%emt 0:00:02]} Nge7 {[%emt 0:00:07]} 16. Be2 {[%emt 0:00:07]} Be6 {[%emt 0:00:03]} 17. Nd2 {[%emt 0:00:14]} Kc7 {[%emt 0:00:11]} 18. O-O-O {[%emt 0:00:15]} Rd7 {[%emt 0:00:12]} 19. Nc4 {[%emt 0:00:03]} Rhd8 {[%emt 0:00:08]} 20. Bg3 {[%emt 0:00:08]} Ng6 {[%emt 0:00:19]} 21. Kc2 {[%emt 0:00:06]} Nf4 {[%emt 0:00:16]} 22. Bxf4 {[%emt 0:00:06]} exf4 {[%emt 0:00:01]} 23. Rxd7+ {[%emt 0:00:07]} Rxd7 {[%emt 0:00:01]} 24. g3 {[%emt 0:00:12]} Bxc4 {[%emt 0:00:11]} 25. Bxc4 {[%emt 0:00:02]} Ne5 {[%emt 0:00:01]} 26. Be6 {[%emt 0:00:13]} Rd6 {[%emt 0:00:10]} 27. gxf4 {[%emt 0:00:08]} Rxe6 {[%emt 0:00:02]} 28. fxe5 {[%emt 0:00:01]} Rxe5 {[%emt 0:00:00]} 29. Rg1 {[%emt 0:00:18]} g6 {[%emt 0:00:02]} 30. Kd3 {[%emt 0:00:10]} Rh5 {[%emt 0:00:05]} 31. Rg2 {[%emt 0:00:00]} Kd6 {[%emt 0:00:01]} 32. Ke3 {[%emt 0:00:03]} b5 {[%emt 0:00:06]} 33. axb5 {[%emt 0:00:10]} Rxb5 {[%emt 0:00:02]} 34. b4 {[%emt 0:00:01]} Rh5 {[%emt 0:00:01]} 35. f3 {[%emt 0:00:01]} Ke5 {[%emt 0:00:10]} 36. c4 {[%emt 0:00:05]} Kd6 {[%emt 0:00:13]} 37. Rd2+ {[%emt 0:00:04]} Kc6 {[%emt 0:00:01]} 38. Kf4 {[%emt 0:00:06]} a5 {[%emt 0:00:08]} 39. bxa5 {[%emt 0:00:09]} Rxa5 {[%emt 0:00:01]} 40. Rd8 {[%emt 0:00:05]} Rh5 {[%emt 0:00:10]} 41. Rf8 {[%emt 0:00:05]} Rxh2 {[%emt 0:00:04]} 42. Rxf6+ {[%emt 0:00:02]} Kc5 {[%emt 0:00:00]} 43. Rf7 {[%emt 0:00:00]} Kxc4 {[%emt 0:00:06]} 44. Rxb7 {[%emt 0:00:02]} Kc5 {[%emt 0:00:01]} 45. Ke5 {[%emt 0:00:03]} Rh5+ {[%emt 0:00:03]} 46. Ke6 {[%emt 0:00:03]} Kc6 {[%emt 0:00:12]} 47. Ra7 {[%emt 0:00:03]} Rh3 {[%emt 0:00:07]} 48. f4 {[%emt 0:00:02]} Rf3 {[%emt 0:00:03]} 49. Ke5 {[%emt 0:00:02]} h5 {[%emt 0:00:02]} 50. Rg7 {[%emt 0:00:01]} Rg3 {[%emt 0:00:01]} 51. f5 {[%emt 0:00:01]} h4 {[%emt 0:00:03]} 52. Kf4 {[%emt 0:00:06]} gxf5 {[%emt 0:00:07]} 53. Rh7 {[%emt 0:00:09]} fxe4 {[%emt 0:00:05]} 54. Kxe4 1/2-1/2

[Event "RUS-ch Men Blitz 2019"]
[Site "Sochi"]
[Date "2019.10.17"]
[Round "11.29"]
[White "Glek, Igor"]
[Black "Chos, Alexey"]
[Result "0-1"]
[WhiteElo "2467"]
[BlackElo "2296"]
[Annotator "ChessBase"]
[PlyCount "104"]
[EventDate "2019.10.17"]
[EventType "swiss"]
[EventCountry "RUS"]
[SourceTitle "playchess.com"]
[Source "ChessBase"]
[SourceQuality "1"]
[TimeControl "180+2"]

1. e4 {[%emt 0:00:00]} c5 {[%emt 0:00:00]} 2. Nf3 {[%emt 0:00:00]} d6 {[%emt 0:00:00]} 3. c3 {[%emt 0:00:04]} e6 {[%emt 0:00:00]} 4. d4 {[%emt 0:00:01]} d5 {[%emt 0:00:03]} 5. e5 {[%emt 0:00:02]} Nc6 {[%emt 0:00:02]} 6. Bd3 {[%emt 0:00:03]} cxd4 {[%emt 0:00:03]} 7. cxd4 {[%emt 0:00:01]} Qb6 {[%emt 0:00:00]} 8. Nc3 {[%emt 0:00:06]} Bd7 {[%emt 0:00:01]} 9. Na4 {[%emt 0:00:05]} Qa5+ {[%emt 0:00:16]} 10. Nc3 {[%emt 0:00:02]} Qb6 {[%emt 0:00:07]} 11. Be2 {[%emt 0:00:33]} f6 {[%emt 0:00:14]} 12. O-O {[%emt 0:00:16]} Nge7 {[%emt 0:00:04]} 13. exf6 {[%emt 0:00:10]} gxf6 {[%emt 0:00:02]} 14. Na4 {[%emt 0:00:05]} Qc7 {[%emt 0:00:06]} 15. Nc5 {[%emt 0:00:16]} Nf5 {[%emt 0:00:06]} 16. Nxd7 {[%emt 0:00:05]} Qxd7 {[%emt 0:00:01]} 17. Kh1 {[%emt 0:00:03]} Rg8 {[%emt 0:00:04]} 18. Re1 {[%emt 0:00:12]} O-O-O {[%emt 0:00:03]} 19. Bb5 {[%emt 0:00:06]} Nd6 {[%emt 0:00:23]} 20. Bf1 {[%emt 0:00:06]} Ne4 {[%emt 0:00:02]} 21. Be3 {[%emt 0:00:01]} Bh6 {[%emt 0:00:02]} 22. Qc2 {[%emt 0:00:18]} Bxe3 {[%emt 0:00:05]} 23. Rxe3 {[%emt 0:00:07]} Kb8 {[%emt 0:00:01]} 24. a3 {[%emt 0:00:03]} Rc8 {[%emt 0:00:03]} 25. Qe2 {[%emt 0:00:02]} Qf7 {[%emt 0:00:12]} 26. Rd1 {[%emt 0:00:02]} h5 {[%emt 0:00:06]} 27. Ng1 {[%emt 0:00:12]} f5 {[%emt 0:00:10]} 28. Rh3 {[%emt 0:00:16]} Ka8 {[%emt 0:00:17]} 29. Rhd3 {[%emt 0:00:23]} Qf6 {[%emt 0:00:05]} 30. f3 {[%emt 0:00:04]} Nd6 {[%emt 0:00:05]} 31. Re3 {[%emt 0:00:05]} Nxd4 {[%emt 0:00:03]} 32. Qd2 {[%emt 0:00:04]} e5 {[%emt 0:00:06]} 33. f4 {[%emt 0:00:05]} Ne4 {[%emt 0:00:01]} 34. Rxe4 {[%emt 0:00:01]} dxe4 {[%emt 0:00:19]} 35. fxe5 {[%emt 0:00:02]} Qxe5 {[%emt 0:00:04]} 36. Qxd4 {[%emt 0:00:00]} Qxd4 {[%emt 0:00:02]} 37. Rxd4 {[%emt 0:00:01]} Rc1 {[%emt 0:00:01]} 38. Be2 {[%emt 0:00:07]} h4 {[%emt 0:00:02]} 39. h3 {[%emt 0:00:01]} Rc2 {[%emt 0:00:02]} 40. Bf1 {[%emt 0:00:03]} Rf2 {[%emt 0:00:02]} 41. Rd1 {[%emt 0:00:01]} Rxb2 {[%emt 0:00:02]} 42. a4 {[%emt 0:00:02]} Kb8 {[%emt 0:00:01]} 43. Bc4 {[%emt 0:00:05]} Rgxg2 {[%emt 0:00:03]} 44. Ne2 {[%emt 0:00:01]} Rgxe2 {[%emt 0:00:02]} 45. Bxe2 {[%emt 0:00:01]} Rxe2 46. Rf1 Re3 {[%emt 0:00:05]} 47. Rxf5 {[%emt 0:00:03]} Rxh3+ {[%emt 0:00:01]} 48. Kg2 {[%emt 0:00:00]} Rg3+ {[%emt 0:00:01]} 49. Kh2 {[%emt 0:00:01]} e3 {[%emt 0:00:01]} 50. Rf7 {[%emt 0:00:01]} a5 {[%emt 0:00:01]} 51. Re7 {[%emt 0:00:01]} Rg4 {[%emt 0:00:02]} 52. Rxe3 {[%emt 0:00:03]} Rxa4 {[%emt 0:00:01]} 0-1

[Event "RUS-ch Men Blitz 2019"]
[Site "Sochi"]
[Date "2019.10.17"]
[Round "11.30"]
[White "Chekletsov, Ilya"]
[Black "Utnasunov, Alexander"]
[Result "0-1"]
[WhiteElo "2377"]
[BlackElo "2442"]
[Annotator "NA"]
[PlyCount "90"]
[EventDate "2019.10.17"]
[EventType "swiss"]
[EventCountry "RUS"]
[SourceTitle "playchess.com"]
[Source "ChessBase"]
[SourceQuality "1"]
[TimeControl "180+2"]

1. d4 {[%emt 0:00:00]} d5 {[%emt 0:00:00]} 2. c4 {[%emt 0:00:02]} c6 {[%emt 0:00:00]} 3. Nf3 {[%emt 0:00:01]} Nf6 {[%emt 0:00:00]} 4. Qc2 {[%emt 0:00:00]} g6 {[%emt 0:00:09]} 5. Bf4 {[%emt 0:00:01]} Bf5 {[%emt 0:00:15]} 6. Qb3 {[%emt 0:00:01]} Qb6 {[%emt 0:00:07]} 7. c5 {[%emt 0:00:02]} Qxb3 {[%emt 0:00:01]} 8. axb3 {[%emt 0:00:01]} Bxb1 {[%emt 0:00:04]} 9. Rxb1 {[%emt 0:00:01]} Ne4 {[%emt 0:00:10]} 10. e3 {[%emt 0:00:09]} Nd7 {[%emt 0:00:03]} 11. Bd3 {[%emt 0:00:02]} f5 {[%emt 0:00:14]} 12. b4 {[%emt 0:00:05]} a6 {[%emt 0:00:01]} 13. Ne5 {[%emt 0:00:13]} Bg7 {[%emt 0:00:27]} 14. Ke2 {[%emt 0:00:41]} e6 {[%emt 0:00:22]} 15. f3 {[%emt 0:00:23]} Nef6 {[%emt 0:00:21]} 16. g4 {[%emt 0:00:01]} fxg4 {[%emt 0:00:29]} 17. fxg4 {[%emt 0:00:02]} Nxe5 {[%emt 0:00:02]} 18. Bxe5 {[%emt 0:00:01]} O-O {[%emt 0:00:05]} 19. h3 {[%emt 0:00:17]} Nd7 {[%emt 0:00:03]} 20. Bd6 {[%emt 0:00:03]} Rf7 {[%emt 0:00:01]} 21. Rhf1 {[%emt 0:00:01]} Rxf1 {[%emt 0:00:03]} 22. Rxf1 {[%emt 0:00:02]} Re8 {[%emt 0:00:03]} 23. b3 {[%emt 0:00:26]} e5 {[%emt 0:00:01]} 24. dxe5 {[%emt 0:00:01]} Bxe5 {[%emt 0:00:04]} 25. Bxe5 {[%emt 0:00:06]} Rxe5 {[%emt 0:00:05]} 26. Kd2 {[%emt 0:00:04]} Kg7 {[%emt 0:00:01]} 27. Rf3 {[%emt 0:00:09]} Nf6 {[%emt 0:00:01]} 28. Kc3 {[%emt 0:00:03]} Ne4+ {[%emt 0:00:04]} 29. Kd4 {[%emt 0:00:32]} Re7 {[%emt 0:00:01]} 30. Bc2 {[%emt 0:00:01]} Nd2 {[%emt 0:00:21]} 31. Rf2 {[%emt 0:00:02]} Ne4 {[%emt 0:00:01]} 32. Rf4 {[%emt 0:00:09]} Ng5 {[%emt 0:00:04]} 33. Rf1 {[%emt 0:00:10]} Nxh3 {[%emt 0:00:02]} 34. e4 {[%emt 0:00:00]} dxe4 {[%emt 0:00:03]} 35. Bxe4 {[%emt 0:00:02]} Ng5 {[%emt 0:00:01]} 36. Bd3 {[%emt 0:00:01]} Rd7+ {[%emt 0:00:04]} 37. Kc3 {[%emt 0:00:02]} Nf7 {[%emt 0:00:08]} 38. Be4 {[%emt 0:00:04]} Ne5 {[%emt 0:00:02]} 39. Rf4 {[%emt 0:00:06]} Re7 {[%emt 0:00:02]} 40. Bc2 {[%emt 0:00:04]} Nd7 {[%emt 0:00:04]} 41. Rd4 {[%emt 0:00:02]} Nf6 {[%emt 0:00:01]} 42. Kc4 {[%emt 0:00:04]} Nd5 {[%emt 0:00:01]} 43. Be4 {[%emt 0:00:02]} Ne3+ {[%emt 0:00:01]} 44. Kd3 {[%emt 0:00:01]} Nxg4 {[%emt 0:00:01]} 45. Bxc6 {[%emt 0:00:02]} Ne5+ {[%emt 0:00:00]} 0-1

[Event "RUS-ch Men Blitz 2019"]
[Site "Sochi"]
[Date "2019.10.17"]
[Round "11.31"]
[White "Gogolev, Artem"]
[Black "Faizrakhmanov, Ramil"]
[Result "0-1"]
[WhiteElo "2339"]
[BlackElo "2434"]
[Annotator "NA"]
[PlyCount "74"]
[EventDate "2019.10.17"]
[EventType "swiss"]
[EventCountry "RUS"]
[SourceTitle "playchess.com"]
[Source "ChessBase"]
[SourceQuality "1"]
[TimeControl "180+2"]

1. d4 Nf6 2. c4 e6 3. g3 d5 4. Bg2 dxc4 5. Qa4+ c6 6. Qxc4 b5 7. Qc2 Bb7 8. Nf3 Nbd7 9. O-O c5 10. Rd1 Rc8 11. dxc5 Bxc5 12. Qb3 Qb6 13. e3 O-O 14. Nc3 a6 15. Bd2 Be7 16. Be1 Nc5 17. Qc2 b4 18. Na4 Nxa4 19. Qxa4 Bc6 20. Qb3 Bd5 21. Qa4 Qb7 22. Nh4 Ne4 23. Rd4 Bxh4 24. Rxb4 Qa8 25. Bxe4 Bxe4 26. Rxe4 Bf6 27. Rb1 Rfd8 28. Rc4 h5 29. Ba5 Rd5 30. Bc3 Bxc3 31. bxc3 Rdc5 32. Rxc5 Rxc5 33. Qf4 Rc8 34. c4 g6 35. c5 Qd5 36. Rc1 Rxc5 37. Rxc5 Qxc5 0-1

[Event "RUS-ch Men Blitz 2019"]
[Site "Sochi"]
[Date "2019.10.17"]
[Round "12.1"]
[White "Ponkratov, Pavel"]
[Black "Grachev, Boris"]
[Result "1/2-1/2"]
[WhiteElo "2621"]
[BlackElo "2621"]
[Annotator "RC"]
[PlyCount "81"]
[EventDate "2019.10.17"]
[EventType "swiss"]
[EventCountry "RUS"]
[SourceTitle "playchess.com"]
[Source "ChessBase"]
[SourceQuality "1"]
[TimeControl "180+2"]

1. e4 {[%emt 0:00:00]} c5 {[%emt 0:00:00]} 2. Nf3 {[%emt 0:00:01]} e6 {[%emt 0:00:00]} 3. c3 {[%emt 0:00:01]} d5 {[%emt 0:00:00]} 4. e5 {[%emt 0:00:00]} d4 {[%emt 0:00:05]} 5. Bd3 {[%emt 0:00:01]} Bd7 {[%emt 0:00:04]} 6. O-O {[%emt 0:00:10]} Bc6 {[%emt 0:00:01]} 7. Re1 {[%emt 0:00:01]} Ne7 {[%emt 0:00:08]} 8. Na3 {[%emt 0:00:02]} Ng6 {[%emt 0:00:08]} 9. Nc2 {[%emt 0:00:15]} Nf4 {[%emt 0:00:11]} 10. Bf1 {[%emt 0:00:04]} d3 {[%emt 0:00:10]} 11. Ne3 {[%emt 0:00:02]} Be7 {[%emt 0:00:27]} 12. b3 {[%emt 0:00:09]} O-O {[%emt 0:00:05]} 13. Bb2 {[%emt 0:00:03]} b5 {[%emt 0:00:29]} 14. c4 {[%emt 0:00:02]} a6 {[%emt 0:00:07]} 15. Rc1 {[%emt 0:00:03]} Bb7 {[%emt 0:00:03]} 16. g3 {[%emt 0:00:05]} Ne2+ {[%emt 0:00:05]} 17. Bxe2 {[%emt 0:00:03]} dxe2 {[%emt 0:00:01]} 18. Qxe2 {[%emt 0:00:03]} Nc6 {[%emt 0:00:06]} 19. cxb5 {[%emt 0:00:08]} Nb4 {[%emt 0:00:03]} 20. Rc3 {[%emt 0:00:10]} Nxa2 {[%emt 0:00:10]} 21. Rd3 {[%emt 0:00:07]} Bxf3 {[%emt 0:00:18]} 22. Rxd8 {[%emt 0:00:05]} Bxe2 {[%emt 0:00:02]} 23. Rxa8 {[%emt 0:00:20]} Rxa8 {[%emt 0:00:01]} 24. Rxe2 {[%emt 0:00:01]} axb5 {[%emt 0:00:02]} 25. Nc2 {[%emt 0:00:22]} h5 {[%emt 0:00:07]} 26. Kf1 {[%emt 0:00:05]} c4 {[%emt 0:00:14]} 27. bxc4 {[%emt 0:00:03]} bxc4 {[%emt 0:00:01]} 28. Re4 {[%emt 0:00:12]} Rc8 {[%emt 0:00:04]} 29. Bc3 {[%emt 0:00:05]} f5 {[%emt 0:00:27]} 30. exf6 {[%emt 0:00:08]} Nxc3 {[%emt 0:00:02]} 31. dxc3 {[%emt 0:00:03]} Bxf6 {[%emt 0:00:01]} 32. Ne3 {[%emt 0:00:04]} Bxc3 {[%emt 0:00:02]} 33. Nxc4 {[%emt 0:00:00]} Rc6 {[%emt 0:00:05]} 34. Ke2 {[%emt 0:00:03]} Bf6 {[%emt 0:00:02]} 35. Ne3 {[%emt 0:00:12]} Kf7 {[%emt 0:00:01]} 36. h4 {[%emt 0:00:02]} Ra6 {[%emt 0:00:01]} 37. Ng2 {[%emt 0:00:02]} Ra2+ {[%emt 0:00:02]} 38. Kf3 {[%emt 0:00:01]} Ra3+ {[%emt 0:00:00]} 39. Re3 {[%emt 0:00:03]} Rxe3+ {[%emt 0:00:02]} 40. Kxe3 {[%emt 0:00:01]} Bd8 {[%emt 0:00:04]} 41. Nf4 1/2-1/2

[Event "RUS-ch Men Blitz 2019"]
[Site "Sochi"]
[Date "2019.10.17"]
[Round "12.2"]
[White "Savchenko, Boris"]
[Black "Drygalov, Andrey"]
[Result "1/2-1/2"]
[WhiteElo "2581"]
[BlackElo "2484"]
[Annotator "ChessBase"]
[PlyCount "92"]
[EventDate "2019.10.17"]
[EventType "swiss"]
[EventCountry "RUS"]
[SourceTitle "playchess.com"]
[Source "ChessBase"]
[SourceQuality "1"]
[TimeControl "180+2"]

1. e4 {[%emt 0:00:00]} c5 {[%emt 0:00:00]} 2. Nf3 d6 3. c3 {[%emt 0:00:02]} Nf6 {[%emt 0:00:00]} 4. g3 {[%emt 0:00:02]} g6 {[%emt 0:00:02]} 5. Bg2 {[%emt 0:00:01]} Bg7 {[%emt 0:00:01]} 6. O-O {[%emt 0:00:01]} O-O {[%emt 0:00:01]} 7. Re1 {[%emt 0:00:02]} Nc6 {[%emt 0:00:04]} 8. d3 {[%emt 0:00:01]} Rb8 {[%emt 0:00:12]} 9. a4 {[%emt 0:00:04]} a6 {[%emt 0:00:02]} 10. d4 {[%emt 0:00:24]} cxd4 {[%emt 0:00:09]} 11. cxd4 {[%emt 0:00:01]} Bg4 {[%emt 0:00:02]} 12. Na3 {[%emt 0:00:10]} Nd7 {[%emt 0:00:10]} 13. Nc2 {[%emt 0:00:04]} e5 {[%emt 0:00:53]} 14. dxe5 {[%emt 0:00:11]} Ndxe5 {[%emt 0:00:08]} 15. h3 {[%emt 0:00:10]} Nxf3+ {[%emt 0:00:02]} 16. Bxf3 {[%emt 0:00:02]} Bxh3 {[%emt 0:00:38]} 17. Ra3 {[%emt 0:00:11]} Be6 {[%emt 0:00:05]} 18. Bg2 {[%emt 0:00:06]} Rc8 {[%emt 0:00:02]} 19. Rd3 {[%emt 0:00:07]} Qc7 {[%emt 0:00:23]} 20. Ne3 {[%emt 0:00:34]} Rfd8 {[%emt 0:00:04]} 21. f4 {[%emt 0:00:30]} Nb4 {[%emt 0:00:02]} 22. Ra3 {[%emt 0:00:06]} Nc2 {[%emt 0:00:15]} 23. Nxc2 {[%emt 0:00:08]} Qxc2 {[%emt 0:00:01]} 24. Rd3 {[%emt 0:00:20]} Qxd1 {[%emt 0:00:10]} 25. Rexd1 {[%emt 0:00:01]} Bg4 {[%emt 0:00:01]} 26. Bf3 {[%emt 0:00:07]} Bxf3 {[%emt 0:00:00]} 27. Rxf3 {[%emt 0:00:01]} Rc4 {[%emt 0:00:12]} 28. Rb3 {[%emt 0:00:03]} Rdc8 {[%emt 0:00:05]} 29. Be3 {[%emt 0:00:02]} Rxa4 {[%emt 0:00:03]} 30. Rxb7 {[%emt 0:00:04]} Rxe4 {[%emt 0:00:01]} 31. Kf2 {[%emt 0:00:02]} Rce8 {[%emt 0:00:02]} 32. Ba7 {[%emt 0:00:04]} Re2+ {[%emt 0:00:01]} 33. Kf3 {[%emt 0:00:00]} Rxb2 {[%emt 0:00:01]} 34. Rxb2 {[%emt 0:00:02]} Bxb2 {[%emt 0:00:01]} 35. Rxd6 {[%emt 0:00:01]} a5 {[%emt 0:00:00]} 36. Ra6 {[%emt 0:00:02]} Ra8 {[%emt 0:00:11]} 37. Rxa5 {[%emt 0:00:01]} Bd4 {[%emt 0:00:03]} 38. Bb6 Rxa5 39. Bxa5 {[%emt 0:00:02]} Kg7 {[%emt 0:00:02]} 40. g4 f6 41. Be1 {[%emt 0:00:10]} Kf7 {[%emt 0:00:01]} 42. Ke4 {[%emt 0:00:01]} Ba1 {[%emt 0:00:01]} 43. f5 {[%emt 0:00:01]} Be5 {[%emt 0:00:04]} 44. Bf2 {[%emt 0:00:01]} Bb2 {[%emt 0:00:03]} 45. Bg3 {[%emt 0:00:01]} h5 {[%emt 0:00:03]} 46. fxg6+ {[%emt 0:00:01]} Kxg6 1/2-1/2

[Event "RUS-ch Men Blitz 2019"]
[Site "Sochi"]
[Date "2019.10.17"]
[Round "12.3"]
[White "Yudin, Sergei"]
[Black "Yuffa, Daniil"]
[Result "1/2-1/2"]
[WhiteElo "2497"]
[BlackElo "2577"]
[Annotator "ChessBase"]
[PlyCount "121"]
[EventDate "2019.10.17"]
[EventType "swiss"]
[EventCountry "RUS"]
[SourceTitle "playchess.com"]
[Source "ChessBase"]
[SourceQuality "1"]
[TimeControl "180+2"]

1. e4 {[%emt 0:00:00]} c6 {[%emt 0:00:00]} 2. d4 {[%emt 0:00:01]} d5 {[%emt 0:00:00]} 3. exd5 {[%emt 0:00:01]} cxd5 {[%emt 0:00:00]} 4. Bd3 {[%emt 0:00:02]} Nc6 {[%emt 0:00:01]} 5. c3 {[%emt 0:00:01]} Qc7 {[%emt 0:00:02]} 6. h3 {[%emt 0:00:01]} e6 {[%emt 0:00:12]} 7. Nf3 {[%emt 0:00:02]} Bd6 {[%emt 0:00:01]} 8. O-O {[%emt 0:00:02]} Nge7 {[%emt 0:00:02]} 9. Re1 {[%emt 0:00:05]} O-O {[%emt 0:00:02]} 10. Nbd2 {[%emt 0:00:04]} Ng6 {[%emt 0:00:34]} 11. Nf1 {[%emt 0:00:02]} Bd7 {[%emt 0:00:29]} 12. h4 {[%emt 0:00:06]} Rad8 {[%emt 0:00:05]} 13. h5 {[%emt 0:00:04]} Nf4 {[%emt 0:00:02]} 14. h6 {[%emt 0:00:03]} Nxd3 {[%emt 0:00:20]} 15. hxg7 {[%emt 0:00:06]} Nxe1 {[%emt 0:00:02]} 16. gxf8=Q+ {[%emt 0:00:03]} Bxf8 {[%emt 0:00:01]} 17. Qxe1 {[%emt 0:00:09]} f6 {[%emt 0:00:08]} 18. Ne3 {[%emt 0:00:06]} Bc8 {[%emt 0:00:07]} 19. Qe2 {[%emt 0:00:38]} Qg7 {[%emt 0:00:02]} 20. Bd2 {[%emt 0:00:05]} e5 {[%emt 0:00:08]} 21. Nh4 {[%emt 0:00:16]} Ne7 {[%emt 0:00:27]} 22. Qh5 {[%emt 0:00:14]} Qf7 {[%emt 0:00:07]} 23. Qf3 {[%emt 0:00:24]} e4 {[%emt 0:00:20]} 24. Qg3+ {[%emt 0:00:02]} Bg7 {[%emt 0:00:08]} 25. Qc7 {[%emt 0:00:27]} Nc6 {[%emt 0:00:01]} 26. Qxf7+ {[%emt 0:00:08]} Kxf7 {[%emt 0:00:02]} 27. Nhf5 {[%emt 0:00:01]} Bf8 {[%emt 0:00:01]} 28. g4 {[%emt 0:00:03]} Ne7 {[%emt 0:00:02]} 29. Nxe7 {[%emt 0:00:12]} Bxe7 {[%emt 0:00:01]} 30. f3 {[%emt 0:00:07]} exf3 {[%emt 0:00:14]} 31. Kf2 {[%emt 0:00:01]} Kg6 {[%emt 0:00:10]} 32. Rh1 {[%emt 0:00:03]} Bf8 {[%emt 0:00:02]} 33. Kxf3 {[%emt 0:00:03]} Bh6 {[%emt 0:00:08]} 34. Nf1 {[%emt 0:00:14]} Bg5 {[%emt 0:00:01]} 35. Bf4 {[%emt 0:00:04]} Be6 {[%emt 0:00:03]} 36. Ne3 {[%emt 0:00:02]} h6 {[%emt 0:00:02]} 37. Re1 {[%emt 0:00:04]} Re8 {[%emt 0:00:01]} 38. Ng2 {[%emt 0:00:03]} Bf7 {[%emt 0:00:02]} 39. Rxe8 {[%emt 0:00:02]} Bxe8 {[%emt 0:00:01]} 40. Ne3 {[%emt 0:00:01]} Bf7 {[%emt 0:00:01]} 41. Nf5 {[%emt 0:00:03]} Be6 {[%emt 0:00:01]} 42. Ne3 {[%emt 0:00:01]} Kf7 {[%emt 0:00:04]} 43. Ng2 {[%emt 0:00:04]} Kg6 {[%emt 0:00:01]} 44. Ne3 {[%emt 0:00:01]} Kf7 {[%emt 0:00:02]} 45. b3 {[%emt 0:00:01]} b5 {[%emt 0:00:02]} 46. Ng2 {[%emt 0:00:03]} Kg6 {[%emt 0:00:01]} 47. Ne3 {[%emt 0:00:01]} Kf7 {[%emt 0:00:01]} 48. Ng2 {[%emt 0:00:02]} Kg6 {[%emt 0:00:02]} 49. Ne3 {[%emt 0:00:01]} a5 {[%emt 0:00:02]} 50. Ng2 {[%emt 0:00:04]} Kf7 {[%emt 0:00:01]} 51. Ne3 {[%emt 0:00:01]} Ke7 {[%emt 0:00:02]} 52. Nc2 {[%emt 0:00:03]} Kd7 {[%emt 0:00:04]} 53. b4 {[%emt 0:00:02]} a4 {[%emt 0:00:03]} 54. Na3 {[%emt 0:00:01]} Kc6 {[%emt 0:00:02]} 55. Nc2 {[%emt 0:00:01]} Bf7 {[%emt 0:00:02]} 56. Ne3 {[%emt 0:00:02]} Bg6 {[%emt 0:00:01]} 57. a3 {[%emt 0:00:02]} Be4+ {[%emt 0:00:03]} 58. Kg3 {[%emt 0:00:01]} Bg6 {[%emt 0:00:01]} 59. Ng2 {[%emt 0:00:01]} Be4 {[%emt 0:00:03]} 60. Ne3 {[%emt 0:00:01]} Bg6 {[%emt 0:00:02]} 61. Ng2 {[%emt 0:00:01]} 1/2-1/2

[Event "RUS-ch Men Blitz 2019"]
[Site "Sochi"]
[Date "2019.10.17"]
[Round "12.4"]
[White "Tsydypov, Zhamsaran"]
[Black "Shimanov, Aleksandr"]
[Result "0-1"]
[WhiteElo "2553"]
[BlackElo "2587"]
[Annotator "ChessBase"]
[PlyCount "88"]
[EventDate "2019.10.17"]
[EventType "swiss"]
[EventCountry "RUS"]
[SourceTitle "playchess.com"]
[Source "ChessBase"]
[SourceQuality "1"]
[TimeControl "180+2"]

1. e4 {[%emt 0:00:00]} c6 {[%emt 0:00:00]} 2. d4 {[%emt 0:00:00]} d5 {[%emt 0:00:00]} 3. e5 {[%emt 0:00:02]} Bf5 {[%emt 0:00:00]} 4. Nf3 {[%emt 0:00:01]} e6 {[%emt 0:00:01]} 5. Be2 {[%emt 0:00:01]} Ne7 {[%emt 0:00:02]} 6. O-O {[%emt 0:00:04]} Nd7 {[%emt 0:00:10]} 7. Nbd2 {[%emt 0:00:14]} h6 {[%emt 0:00:04]} 8. Nb3 {[%emt 0:00:10]} g5 {[%emt 0:00:02]} 9. Ne1 {[%emt 0:00:07]} Qc7 {[%emt 0:00:05]} 10. Nd3 {[%emt 0:00:03]} Ng6 {[%emt 0:00:20]} 11. f4 {[%emt 0:00:09]} O-O-O {[%emt 0:00:07]} 12. fxg5 {[%emt 0:00:05]} hxg5 {[%emt 0:00:01]} 13. Bxg5 {[%emt 0:00:01]} f6 {[%emt 0:00:01]} 14. Rxf5 {[%emt 0:00:54]} exf5 {[%emt 0:00:03]} 15. Bh5 {[%emt 0:00:01]} Ngxe5 {[%emt 0:00:22]} 16. Nxe5 {[%emt 0:00:13]} fxe5 {[%emt 0:00:37]} 17. dxe5 {[%emt 0:00:26]} Nxe5 {[%emt 0:00:29]} 18. Bxd8 Qxd8 {[%emt 0:00:01]} 19. Be2 {[%emt 0:00:24]} Qh4 {[%emt 0:00:03]} 20. h3 {[%emt 0:00:02]} Rg8 {[%emt 0:00:12]} 21. Kh1 {[%emt 0:00:02]} Bd6 {[%emt 0:00:05]} 22. Qe1 {[%emt 0:00:10]} Qf4 {[%emt 0:00:06]} 23. Qg1 {[%emt 0:00:18]} Rg3 {[%emt 0:00:20]} 24. Rf1 {[%emt 0:00:02]} Qe4 {[%emt 0:00:01]} 25. Qf2 {[%emt 0:00:09]} f4 {[%emt 0:00:23]} 26. Nd2 {[%emt 0:00:02]} Rxh3+ {[%emt 0:00:03]} 27. Kg1 {[%emt 0:00:01]} Qg6 {[%emt 0:00:01]} 28. Nf3 {[%emt 0:00:06]} Ng4 {[%emt 0:00:07]} 29. Qxa7 {[%emt 0:00:02]} Ne3 {[%emt 0:00:03]} 30. Rf2 {[%emt 0:00:02]} Rh8 {[%emt 0:00:05]} 31. Qd4 {[%emt 0:00:06]} Qh6 {[%emt 0:00:02]} 32. Rf1 {[%emt 0:00:02]} Nxf1 33. Kxf1 {[%emt 0:00:02]} Re8 {[%emt 0:00:06]} 34. Bd3 {[%emt 0:00:04]} Rg8 {[%emt 0:00:01]} 35. Bf5+ {[%emt 0:00:00]} Kc7 36. Bh3 Qg7 {[%emt 0:00:02]} 37. Qd3 {[%emt 0:00:05]} Qxb2 {[%emt 0:00:02]} 38. Nd4 {[%emt 0:00:00]} Re8 {[%emt 0:00:02]} 39. Ne6+ {[%emt 0:00:01]} Kb8 {[%emt 0:00:01]} 40. a4 {[%emt 0:00:04]} Qa1+ {[%emt 0:00:01]} 41. Kf2 {[%emt 0:00:01]} Qe5 {[%emt 0:00:01]} 42. Qg6 {[%emt 0:00:02]} Re7 {[%emt 0:00:02]} 43. Kf1 {[%emt 0:00:04]} Qe3 {[%emt 0:00:02]} 44. Bg4 {[%emt 0:00:01]} Bc5 {[%emt 0:00:04]} 0-1